| 000 | 00736aaa a2200217 a 4500 | ||
|---|---|---|---|
| 001 | 78415 | ||
| 003 | BD-RjUL | ||
| 005 | 20211209083127.0 | ||
| 008 | 210920s19241343ir ||||| |||| 001 0 per d | ||
| 035 | _a(BD-RjUL)78641 | ||
| 040 |
_aBD-RjUL _beng _cBD-RjUL |
||
| 041 | _aper | ||
| 082 |
_223 _a955 _bMAT 1924 |
||
| 100 | 1 |
_aMaani, Ahmad Golchin ;; معنی, احمد گلچین _9248172 |
|
| 245 | 1 | 0 |
_aتاریخ تذکره های فارسی ;; Tarikh -e- tajkira ha -e- farsi / _c احمد گلچین معانی ;; Ahmad Golchin Maani |
| 250 | _a2nd.ed. | ||
| 260 |
_aIran : _bkitab khanah sunani ;; , کتاب خانه سنانی _c1924 |
||
| 300 |
_a1006 p. ; _c24cm. |
||
| 650 |
_aHistory _vfarsi _9248173 |
||
| 942 |
_2ddc _cBK |
||
| 999 |
_c78415 _d78415 |
||